000 00672nam a2200205Ia 4500
001 14968
003 GE_BSU
008 181216s||||||||xx |||||||||||||| ||und||
040 _cGE_BSU
080 _a514.144(075.8)
100 _aБуземан,Г. Келли, П.
245 _aПроективная геометрия и проективные метрики
245 _cПод.ред.И.М.Яглома
260 _aМосква
260 _bИзд-во Иностранной литературы
260 _c1957
300 _a408стр.22см.
653 _aПроективная геометрия и проективные метрики
942 _cBK
999 _c48088
_d48088